| 000 | 01087cam a22003255a 4500 | ||
|---|---|---|---|
| 001 | 016492504 | ||
| 003 | OSt | ||
| 005 | 20201128021415.0 | ||
| 008 | 140528t2014 enka frbd 001 0 eng d | ||
| 020 | _a9781292022284 (pbk.) | ||
| 040 |
_aStDuBDS _beng _cStDuBDS _dUk _dEG-ScBUE |
||
| 082 | 0 | 4 |
_a650 _bBOV _222 |
| 100 | 1 |
_aBoveÌe, Courtland L. _938951 |
|
| 245 | 1 | 0 |
_aBusiness in action / _cCourtland L. Bovee, John V. Thill. |
| 250 | _a6th ed., Pearson new international ed. | ||
| 260 |
_aHarlow : _bPearson Education Limited, _cc.2014. |
||
| 300 |
_aii, 536 p. : _bill. (col.) ; _c28 cm. |
||
| 490 | 0 | _aPearson custom library | |
| 500 | _aPrevious edition : 2010. | ||
| 500 | _aIncludes student access code : Mylabs. | ||
| 500 | _aIncludes glossary. | ||
| 504 | _aIncludes bibliographical references and index. | ||
| 650 | 7 |
_aBusiness. _2BUEsh _919142 |
|
| 650 | 7 |
_aCommerce. _2BUEsh _931817 |
|
| 650 | 7 |
_aIndustrial management. _2BUEsh _91569 |
|
| 651 | _2BUEsh | ||
| 653 |
_bBUSADM _cJuly2015 _cDecember2015 _cJanuary2016 |
||
| 700 | 1 |
_aThill, John V. _93018 |
|
| 942 | _2ddc | ||
| 999 |
_c20246 _d20218 |
||